| 000 | 00352nam a22001457a 4500 | ||
|---|---|---|---|
| 008 | 210309b ||||| |||| 00| 0 eng d | ||
| 020 | _a9780716732754 | ||
| 041 | _aeng | ||
| 080 |
_2fifth edition _a573 |
||
| 082 | _2573 | ||
| 100 | _a11 | ||
| 101 | _aBIO | ||
| 245 |
_aLife The Science of Bilogy _cPurves , Orians, Heller, Sadava |
||
| 942 |
_2udc _cBK |
||
| 999 |
_c56059 _d56059 |
||